La presidencia de Harry S. Truman (Registro nro. 17154)

Detalles MARC
000 -CABECERA
Longitud fija campo de control 00595nam a2200205 i 4500
003 - IDENTIFICADOR DELl NÚMERO DE CONTROL
Identificador del número de control OSt
005 - FECHA Y HORA DE LA ÚLTIMA TRANSACCIÓN
Fecha y hora de la última transacción 20150126164809.0
008 - CÓDIGOS DE INFORMACIÓN DE LONGITUD FIJA
Códigos de información de longitud fija 890804s1987 sp spa
020 ## - NÚMERO INTERNACIONAL NORMALIZADO PARA LIBROS
Número Internacional Normalizado para Libros (ISBN) 84-7140-2564
040 ## - FUENTE DE LA CATALOGACIÓN
Centro transcriptor BMC
082 ## - NÚMERO DE LA CLASIFICACIÓN DECIMAL DEWEY
Númeroo de clasificación 973.918092
100 1# - PUNTO DE ACCESO PRINCIPAL-NOMBRE DE PERSONA
Nombre de persona McCoy, Donald R.
9 (RLIN) 29966
245 13 - MENCIÓN DE TÍTULO
Título La presidencia de Harry S. Truman
Mención de responsabilidad, etc. Donald R. McCoy ; [traductor, Juan Génova]
260 1# - PUBLICACIÓN, DISTRIBUCIÓN, ETC. (PIE DE IMPRENTA)
Lugar de publicación, distribución, etc. Madrid
Nombre del editor, distribuidor, etc. San Martín
Fecha de publicación, distribución, etc. D.L. 1987
300 ## - DESCRIPCIÓN FÍSICA
Extensión 379 p.
Dimensiones 21 cm
504 ## - NOTA DE BIBLIOGRAFÍA, ETC
Nota de bibliografía, etc. Bibliografía: p. 369-379
600 24 - PUNTO DE ACCESO ADICIONAL DE MATERIA - NOMBRE DE PERSONA
Nombre de persona Truman, Harry S.
Fechas asociadas al nombre 1884-1972
9 (RLIN) 17792
700 1# - PUNTO DE ACCESO ADICIONAL - NOMBRE DE PERSONA
9 (RLIN) 29967
Nombre de persona Génova, Juan
942 ## - ENTRADA DE ELEMENTOS AGREGADOS (KOHA)
Fuente de clasificaión o esquema Dewey Decimal Classification
Koha [por defecto] tipo de item 1- Monografias
Existencias
Suprimido Perdido Fuente de clasificación o esquema Estropeado Restricciones de uso No para préstamo Código de colección Localización permanente Localización actual Localización en estanter&íacute;as Fecha adquisición Fuente de adquisición Número de inventario Préstamos totales Signatura completa Código de barras Fecha última consulta Fecha del precio de reemplazo Tipo de item de Koha
NULL NULL Dewey Decimal Classification NULL Prestable NULL NULL Biblioteca Miguel de Cervantes - UNICAES Biblioteca Miguel de Cervantes - UNICAES Sala Principal 08/01/2015 Donación - Embajada Americana 026548   973.918 MCC pre 1026958 08/01/2015 08/01/2015 1- Monografias